000 00570nam a2200217Ia 4500
005 20241129120215.0
008 241129s9999||||xx |||||||||||||| ||und||
020 _a9781639896981
037 _aTB
040 _aSDCL
_beng
_cSDCL
041 _aeng
_2eng
084 _aY:1, R3
_qSDCL
100 _aHarwood Nick
_9729423
245 0 _aCultural Studies and Transnationalism
260 _aNew York
_bStates Academic Press
_c2023
300 _avii,451p.
365 _aUSD
_b184.95
650 _aEnglish
942 _cTB
_hY:1, R3
999 _c1233803
_d1233803